LEADER 03350oam 2200577I 450 001 9910797195903321 005 20230807214205.0 010 $a1-317-47818-5 010 $a0-7656-1562-2 010 $a1-317-47819-3 010 $a1-315-70688-1 024 7 $a10.4324/9781315706887 035 $a(CKB)3710000000382910 035 $a(EBL)2005423 035 $a(OCoLC)665109717 035 $a(SSID)ssj0001458431 035 $a(PQKBManifestationID)12603634 035 $a(PQKBTitleCode)TC0001458431 035 $a(PQKBWorkID)11444423 035 $a(PQKB)10601363 035 $a(MiAaPQ)EBC2005423 035 $a(OCoLC)958109191 035 $a(EXLCZ)993710000000382910 100 $a20180706e20152005 uy 0 101 0 $aeng 135 $aur|n|---||||| 181 $ctxt 182 $cc 183 $acr 200 02$aA defining moment $ethe presidential election of 2004 /$fWilliam Crotty, editor 210 1$aLondon ;$aNew York :$cRoutledge,$d2015. 215 $a1 online resource (279 p.) 300 $aFirst published 2005 by M.E. Sharpe. 311 $a1-336-28206-1 311 $a0-7656-1561-4 320 $aIncludes bibliographical references and index. 327 $a""Cover""; ""Half Title""; ""Title Page""; ""Copyright Page""; ""Table of Contents""; ""List of Tables and Figures""; ""Preface""; ""Part I: The Context""; ""1. The Bush Presidency: Establishing the Agenda for the Campaign""; ""2. Constituencies and the Consequences of the Presidential Vote""; ""Part II: The Presidential Campaign and Congressional Races""; ""3. Political Participation in the 2004 Presidential Election: Turnout and Policy Consequences""; ""4. The Inevitable Unanticipated Consequences of Political Reform: The 2004 Presidential Nomination Process"" 327 $a""5. Financing the 2004 Presidential Election""""6. The Presidential Race of 2004: Strategy, Outcome, and Mandate""; ""7. Incumbency, Politics, and Policy: Detour or New Direction?""; ""8. The 2004 Congressional Races""; ""Part III: Conclusions""; ""9. Holy Owned Subsidiary: Globalization, Religion, and Politics in the 2004 Election""; ""10. The Armageddon Election""; ""11. Armageddon, Just Another Campaign, or Something In-Between? The Meaning and Consequences of the 2004 Election""; ""Appendix: Presidential Elections and Party and Candidate Success""; ""The Contributors""; ""Index"" 330 $aSet against the backdrop of the war in Iraq, drastically altered relations with traditional U.S. allies, intense partisanship, and a national debate over moral values, the 2004 presidential campaign presented voters with a clear choice that reflected deep divisions within the country. This collection analyzes this watershed election, and its likely consequences. The contributors examine every aspect of the election, including the strategies and tactics of the Bush and Kerry campaigns, voter turnout and policy consequences, campaign financing, and the power of incumbency. 606 $aPresidents$zUnited States$xElection$y2004 615 0$aPresidents$xElection 676 $a324.973/0931 676 $a324.9730931 701 $aCrotty$b William J$01527755 801 0$bMiAaPQ 801 1$bMiAaPQ 801 2$bMiAaPQ 906 $aBOOK 912 $a9910797195903321 996 $aA defining moment$93770912 997 $aUNINA LEADER 03227nam 2200709Ia 450 001 9910974301903321 005 20251116173504.0 010 $a1-134-89134-2 010 $a1-134-89135-0 010 $a1-280-32131-8 010 $a0-203-41869-7 024 7 $a10.4324/9780203418697 035 $a(CKB)1000000000254898 035 $a(EBL)170398 035 $a(OCoLC)51821694 035 $a(SSID)ssj0000071099 035 $a(PQKBManifestationID)11107040 035 $a(PQKBTitleCode)TC0000071099 035 $a(PQKBWorkID)10069793 035 $a(PQKB)11672151 035 $a(MiAaPQ)EBC170398 035 $a(Au-PeEL)EBL170398 035 $a(CaPaEBR)ebr10057624 035 $a(CaONFJC)MIL32131 035 $a(EXLCZ)991000000000254898 100 $a19950911d1996 uy 0 101 0 $aeng 135 $aur|n|---||||| 181 $ctxt 182 $cc 183 $acr 200 14$aThe language of gender and class $etransformation in the Victorian novel /$fPatricia Ingham 205 $a1st ed. 210 $aLondon $aNew York $cRoutledge$d1996 215 $a1 online resource (208 p.) 300 $aDescription based upon print version of record. 311 08$a0-415-08222-6 311 08$a0-415-08221-8 320 $aIncludes bibliographical references (p. 183-189) and index. 327 $aThe Language of Gender and Class Transformation in the Victorian Novel; Copyright; Contents; Acknowledgements; Note on references; 1 The Representation of Society in the Early Nineteenth Century; 2 The Interlocked Coding of Class and Gender; 3 Shirley; 4 North and South; 5 Hard Times; 6 Changes in the Representation of Class in the Second Half of the Nineteenth Century; 7 Felix Holt; 8 The Unclassed; 9 Jude The Obscure; Bibliography; Index 330 $aThe Language of Gender and Class challenges widely-held assumptions about the study of the Victorian novel. Lucid, multilayered and cogently argued, this volume will provoke debate and encourage students and scholars to rethink their views on nineteenth-century literature. Examining six novels, Patricia Ingham demonstrates that none of the writers, male or female, easily accept stereotypes of gender and class. The classic figures of Angel and Whore are reassessed and modified. And the result, argues Ingham, is that the treatment of gender by the late nineteenth century is released 606 $aEnglish fiction$y19th century$xHistory and criticism 606 $aLiterature and society$zGreat Britain$xHistory$y19th century 606 $aWomen and literature$zGreat Britain$xHistory$y19th century 606 $aSocial classes in literature 606 $aSex role in literature 615 0$aEnglish fiction$xHistory and criticism. 615 0$aLiterature and society$xHistory 615 0$aWomen and literature$xHistory 615 0$aSocial classes in literature. 615 0$aSex role in literature. 676 $a823.809 676 $a823.809355 676 $a823/.809 700 $aIngham$b Patricia$0549338 801 0$bMiAaPQ 801 1$bMiAaPQ 801 2$bMiAaPQ 906 $aBOOK 912 $a9910974301903321 996 $aThe language of gender and class$94491480 997 $aUNINA